Návrh mlecieho ventilátora uholnej elektrárne

Salvato in:
Dettagli Bibliografici
Autore principale: Kapustová, Katarína, 1990- (Autore)
Altri autori: Kučák, Ľubor, 1945- (Relatore della tesi)
Natura: Manoscritto Libro
Lingua:slovacco
Pubblicazione: Bratislava : STU v Bratislave SjF, 2014
Soggetti:
Accesso online:VAIS
Tags: Aggiungi Tag
Nessun Tag, puoi essere il primo ad aggiungerne!!

MARC

LEADER 00000ntm a22000003a 4500
001 stu295687
005 20150617230318.0
008 140823s2014----xo------------------slo-d
040 |a STU  |b slo 
041 0 |a slo 
044 |a xo 
100 1 |a Kapustová, Katarína,  |d 1990-  |4 aut  |u J  |T SjF Strojnícka fakulta  |X 68387  |U J  |Y 20  |7 A000068387 
242 0 0 |a Fan mill for coal power plant  |y eng 
245 1 |a Návrh mlecieho ventilátora uholnej elektrárne 
260 |a Bratislava :  |b STU v Bratislave SjF,  |c 2014 
650 7 |a tepelné energetické stroje a zariadenia  |2 stusub 
650 7 |a Thermal Power Engineering  |2 estusub 
650 7 |a coal  |2 estusub 
650 7 |a uhlie  |2 stusub 
650 7 |a mlyn  |2 stusub 
700 1 |a Kučák, Ľubor,  |d 1945-  |4 ths  |u J260  |U SjF Ústav tepelnej energetiky  |T SjF Katedra tepelnej energetiky  |X 2419  |U J260  |Y 49  |7 A000002419 
856 4 |a info a plný text  |u http://is.stuba.sk/zp/portal_zp.pl?podrobnosti=103759  |3 VAIS 
996 |b 284J044246  |c J*1737/DP  |l JJSK  |s A  |a 24  |w stu295687_0001